Causes of Heart Diseases and Their Preventive Measures/ (Record no. 206287)

MARC details
000 -LEADER
fixed length control field 00713nam a22002177a 4500
005 - DATE AND TIME OF LATEST TRANSACTION
control field 20241010170100.0
010 ## - LCCN (DPL NO)
LC control number ENG-142085
020 ## - INTERNATIONAL STANDARD BOOK NUMBER
International Standard Book Number 9788186772669
Terms of availability 1100.00
035 ## - SYSTEM CONTROL NUMBER
System control number EN-125617
037 ## - SOURCE OF ACQUISITION
Source of stock number/acquisition DBAD
082 ## - DEWEY DECIMAL CLASSIFICATION NUMBER
Classification number 616.1206
Edition number 1
100 ## - MAIN ENTRY--PERSONAL NAME
Personal name Paliwal, Anshika
245 ## - TITLE STATEMENT
Title Causes of Heart Diseases and Their Preventive Measures/
Statement of responsibility, etc By Anshika Paliwal; Neelma Kumwar [and] Anjana Fellows
250 ## - EDITION STATEMENT
Edition statement 1
260 ## - PUBLICATION, DISTRIBUTION, ETC. (IMPRINT)
Place of publication, distribution, etc New Delhi
Name of publisher, distributor, etc New Academic Publishers
Date of publication, distribution, etc 2014
270 ## - ADDRESS
Address 4760-61/23, Ansari Road Daryaganj
City New Delhi
Postal code 110002
300 ## - PHYSICAL DESCRIPTION
Extent x,182p.
Dimensions 22cm(Hb)
700 ## - ADDED ENTRY--PERSONAL NAME
Personal name Kumwar, Neelma
9 (RLIN) 72627
700 ## - ADDED ENTRY--PERSONAL NAME
Personal name Fellows, Anjana
9 (RLIN) 72628
942 ## - ADDED ENTRY ELEMENTS (KOHA)
Source of classification or shelving scheme Dewey Decimal Classification
Item type English Books
Call number suffix PAL
Classification part 616.1206
Holdings
Withdrawn status Lost status Not for loan Collection code Home library Current library Date acquired Source of acquisition Cost, normal purchase price Full call number Barcode Copy number Cost, replacement price Koha item type
      Non-fiction Central Library Central Library 10/10/2024 Delivery of Books Act Division 1100.00 PAL 616.1206 EN-125617 1 1100.00 English Books

© Delhi Public Library
Hit Counter
free hit counter